000 00851nam0a2200241 4500
001 RU\NLR\b_ik\84174
005 20250616224620.0
035 _a(NLR Aleph) 002158273
090 _a2490334
_c2490334
100 _a20020517d2001 |||y0rusy50 ca
101 0 _aeng
102 _aRU
105 _aac |||||||||
200 1 _aInstitute of biology and soil science (IBSS), Far Eastern branch Russian academy of sciences
_f[Пер. Г.И. Балабаева]
210 _aVladivostok
_cS.n.
_d2001
215 _a24 с.
_cцв. ил., портр.
_d28
601 0 2 _aБиолого-почвенный институт
_cВладивосток
_92254978
_3RU\NLR\AUTH\661352384
686 1 _aЕ.е(2)л2
686 1 _aП03е(2)л2
801 0 _aRU
_bNLR
_c20020517
_gPSBO
942 _cBOOK
980 _aNB